| 000 | 00000nam##2200000za#4500 |
| 001 | 9.697427 |
| 003 | CaOODSP |
| 005 | 20210624235457 |
| 007 | cr ||||||||||| |
| 008 | 150407|1981||||xxc|||||o f|0| 0 eng|d |
| 040 | |aCaOODSP|beng |
| 043 | |an-cn--- |
| 086 | 1 |aA73-1549/1981E-PDF |
| 110 | 1 |aCanada.|bAgriculture Canada. |bFood Advisory Division. |
| 245 | 10|aEasy on the budget main dishes and desserts |h[electronic resource] |
| 250 | |aRevised 1981 |
| 260 | |aOttawa - Ontario : |bAgriculture Canada. |cPrinted 1978, c1981. |
| 300 | |a24p.|bindex |
| 500 | |aHistorical publication digitized by Agriculture and Agri-Food Canada. |
| 590 | |a13-17-Supp|b2013-07-25 |
| 690 | 07|aCooking|2gcpds |
| 690 | 07|aHome economics|2gcpds |
| 690 | 07|aNutrition|2gcpds |
| 775 | 08|tRecettes frugales |w(CaOODSP)9.642258 |
| 856 | 40|ahttp://publications.gc.ca|qPDF|s1.39 MB|uhttps://publications.gc.ca/collections/collection_2013/aac-aafc/agrhist/A73-1549-1981-eng.pdf |
| 986 | |a1549 |